书目信息 |
| 书名: | Governing | |
| 作者: | Austin Ranney. | |
| 分册号: | ||
| 分册名: | 出版地: | Englewood Cliffs, N.J. : |
|
| 出版社: | Prentice Hall | |
| 出版时间: | c1993. | |
| 页数: | xxi, 490 p. : | |
| 开本: | 25 cm. | |
| 丛书名: | ||
| 中图分类号: | ||
| 科图分类号: | ||
| 其他分类号: | D0 | |
| 主题词: | ||
| 电子资源: | ||
| 000 | 00921pam a2200265 a 450 | |
| 001 | E0733942191 | |
| 005 | 20070430092702.28 | |
| 008 | 920312s1993 njua b 001 0 eng | |
| 010 | @a92010547 | |
| 020 | @a0133610497. | |
| 035 | @A(DLC) 92010547 | |
| 040 | @aDLC@cDLC@dDLC | |
| 050 | 00 | @aJA66@b.R298 1993 |
| 082 | 00 | @a320@2 20 |
| 090 | @aD0 | |
| 099 | @dD0@ex24=6 | |
| 100 | 1 | @aRanney, Austin. |
| 245 | 10 | @aGoverning :@ban introduction to political science / @cAustin Ranney. |
| 260 | @aEnglewood Cliffs, N.J. :@bPrentice Hall,@cc1993. | |
| 300 | @axxi, 490 p. :@bill. ;@c25 cm. | |
| 504 | @aIncludes bibliographical references and index. | |
| 650 | 0 | @aPolitical science. |
| 906 | @a7@bcbc@corignew@d1@eocip@f19@gy-gencatlg | |
| 955 | @apc14 to bc00 03-12-92; bc27 to SCD 03-12-92; fe07 03-13-92; fn03 03-18-92; CIP ver. sf07 02-27-93 | |
| 991 | @bc-GenColl@hJA66@i.R298 1993@p00002011979@tCopy 1@wBOOKS | |
| Governing : : an introduction to political science / / Austin Ranney.-Englewood Cliffs, N.J. : : Prentice Hall, , c1993. |
| xxi, 490 p. : : ill. ; ; 25 cm. |
| Includes bibliographical references and index. |
| ISBN 0133610497. |
| ● |
| 相关链接 |
|
|
|
|
正题名:Governing
索取号:D0/x24=6
 
预约/预借
| 序号 | 登录号 | 条形码 | 馆藏地/架位号 | 状态 | 备注 |
| 1 | 6016 | 300060163 | 第二样本阅览室/ [索取号:D0/x24=6] | 在馆 | |
| 2 | 6017 | 300060172 | 密集书库/ [索取号:D0/x24=6] | 在馆 | |
| 3 | 6018 | 300060181 | 密集书库/ [索取号:D0/x24=6] | 在馆 | |
| 4 | 6019 | 300060190 | 第四借阅区/ [索取号:D0/x24=6] | 在馆 | |
| 5 | 6020 | 300060207 | 密集书库/ [索取号:D0/x24=6] | 在馆 | |
| 6 | 6021 | 300060216 | 第四借阅区/ [索取号:D0/x24=6] | 在馆 |